|
|
|
|
| LEADER |
03867nam a2200949 ia4500 |
| 001 |
nkc20243585710 |
| 003 |
CZ PrNK |
| 005 |
20240220113443.0 |
| 007 |
ta |
| 008 |
240125t20232023xr ab c p 000 0dcze |
| 015 |
|
|
|a cnb003585710
|
| 020 |
|
|
|a 978-80-908419-6-3
|q (čítanka ;
|q brožováno)
|
| 020 |
|
|
|a 978-80-908419-7-0
|q (pracovní sešit ;
|q brožováno)
|
| 035 |
|
|
|a (OCoLC)1425860687
|
| 040 |
|
|
|a BOA001
|b cze
|d ABA001
|e rda
|
| 043 |
|
|
|a e-xr---
|
| 045 |
|
|
|a u7v2
|
| 072 |
|
7 |
|a 811.162.3
|x Čeština
|2 Konspekt
|9 11
|
| 072 |
|
7 |
|a 0/9-053.2
|x Literatura pro děti a mládež (naučná)
|2 Konspekt
|9 26
|
| 080 |
|
|
|a 811.162.3'243
|2 MRF
|
| 080 |
|
|
|a 028.4-028.31/.32
|2 MRF
|
| 080 |
|
|
|a 72.071.1
|2 MRF
|
| 080 |
|
|
|a 72(437.3)
|2 MRF
|
| 080 |
|
|
|a 72.034.7
|2 MRF
|
| 080 |
|
|
|a 72:904
|2 MRF
|
| 080 |
|
|
|a (437.3)
|2 MRF
|
| 080 |
|
|
|a (075)028
|2 MRF
|
| 080 |
|
|
|a (076.1)
|2 MRF
|
| 080 |
|
|
|a (07.063)81
|2 MRF
|
| 080 |
|
|
|a (0.053.6)
|2 MRF
|
| 100 |
1 |
|
|a Polenská, Radka
|7 mzk20241215684
|4 aut
|
| 245 |
1 |
0 |
|a Jan Blažej Santini-Aichel :
|b český jazyk, dějepis, zeměpis /
|c autorky: Radka Polenská, Ingeborg Němcová, Ivana Rocca Kovářová, Jana Nahodilová
|
| 250 |
|
|
|a 1. vydání
|
| 264 |
|
1 |
|a Praha :
|b Moje česká škola,
|c [2023]
|
| 264 |
|
4 |
|c ©2023
|
| 300 |
|
|
|a 2 svazky :
|b barevné ilustrace, mapy ;
|c 21 cm
|
| 336 |
|
|
|a text
|b txt
|2 rdacontent
|
| 336 |
|
|
|a statický obraz
|b sti
|2 rdacontent
|
| 337 |
|
|
|a bez média
|b n
|2 rdamedia
|
| 338 |
|
|
|a svazek
|b nc
|2 rdacarrier
|
| 490 |
1 |
|
|a Čti česky
|
| 500 |
|
|
|a Název z obálky
|
| 500 |
|
|
|a Terminologický slovník
|
| 500 |
|
|
|a Čítanka obsahuje QR kód s přístupem k rozšiřujícím materiálům
|
| 504 |
|
|
|a Obsahuje bibliografii
|
| 505 |
0 |
|
|a Čítanka. 30 stran -- Pracovní sešit. 15 stran
|
| 521 |
8 |
|
|a Určeno pro 4. stupeň - pokročilý čtenář (9-15 let, B1-B2)
|
| 600 |
1 |
7 |
|a Santini, Jan Blažej,
|d 1677-1723
|7 jn20000728589
|2 czenas
|
| 648 |
|
4 |
|a 1677-1723
|
| 648 |
|
7 |
|a 17.-18. století
|7 ch757024
|2 czenas
|
| 648 |
|
7 |
|a 18. století
|7 ch460556
|2 czenas
|
| 650 |
0 |
7 |
|a čeština jako cizí jazyk
|7 ph940782
|2 czenas
|
| 650 |
0 |
7 |
|a zjednodušená četba
|7 ph656682
|2 czenas
|
| 650 |
0 |
7 |
|a architekti
|7 ph118582
|z Česko
|y 17.-18. století
|2 czenas
|
| 650 |
0 |
7 |
|a česká architektura
|7 ph128102
|y 18. století
|2 czenas
|
| 650 |
0 |
7 |
|a barokní architektura
|7 ph118759
|z Česko
|2 czenas
|
| 650 |
0 |
7 |
|a architektonické památky
|7 ph118585
|z Česko
|2 czenas
|
| 650 |
0 |
9 |
|a Czech as a foreign language
|2 eczenas
|
| 650 |
0 |
9 |
|a simplified reading
|2 eczenas
|
| 650 |
0 |
9 |
|a architects
|z Czechia
|y 17th-18th centuries
|2 eczenas
|
| 650 |
0 |
9 |
|a Czech architecture
|y 18th century
|2 eczenas
|
| 650 |
0 |
9 |
|a baroque architecture
|z Czechia
|2 eczenas
|
| 650 |
0 |
9 |
|a architectural monuments
|z Czechia
|2 eczenas
|
| 653 |
0 |
|
|a jazyková úroveň B1
|a jazyková úroveň B2
|
| 655 |
|
7 |
|a čítanky
|7 fd133984
|2 czenas
|
| 655 |
|
7 |
|a pracovní sešity
|7 fd133116
|2 czenas
|
| 655 |
|
7 |
|a jazykové učebnice, texty, příručky (B)
|7 fd600891
|2 czenas
|
| 655 |
|
7 |
|a publikace pro děti
|7 fd133156
|2 czenas
|
| 655 |
|
9 |
|a readers
|2 eczenas
|
| 655 |
|
9 |
|a activity books
|2 eczenas
|
| 655 |
|
9 |
|a language textbooks, texts, handbooks (B)
|2 eczenas
|
| 655 |
|
9 |
|a children's literature
|2 eczenas
|
| 700 |
1 |
|
|a Němcová, Ingeborg,
|d 1957-
|7 jo20010092688
|4 aut
|
| 700 |
1 |
|
|a Rocca Kovářová, Ivana
|7 mzk20241215695
|4 aut
|
| 700 |
1 |
|
|a Nahodilová, Jana
|7 mzk20241215714
|4 aut
|
| 830 |
|
0 |
|a Čti česky
|0 s
|
| 910 |
2 |
|
|a BOA001
|b 2-1519.668
|s čítanka, pracovní sešit
|
| 990 |
|
|
|a BK
|
| 995 |
|
|
|a 01
|
| 991 |
|
|
|b 202402
|c NOV
|
| 996 |
6 |
|
|b 2610960489
|c 2-1519.668
|d 1, čítanka
|v 1
|l MZK
|r Sklad / do 1 hodiny
|n 1
|p p.v.
|w 001952766
|u 000010
|a 1
|e BOA001
|j MZK50
|s P
|
| 996 |
6 |
|
|b 2610960490
|c 2-1519.668
|d 2, pracovní sešit
|v 2
|l MZK
|r Sklad / do 1 hodiny
|n 0
|p p.v.
|w 001952766
|u 000020
|a 1
|e BOA001
|j MZK50
|s P
|